| 000 | 00424 a2200109 4500 | ||
|---|---|---|---|
| 001 | ART_40264 | ||
| 005 | 20260410161740.0 | ||
| 008 | 260409a | ||
| 245 | 1 | 0 | _aLos riesgos del trabajo y la ley 26773: aplicación inmediata. Opción excluyente. Constitucionalidad. Indemnizaciones tarifadas. Cambios. Jurisprudencia |
| 100 | 1 | _aDuarte, David | |
| 773 | 0 |
_tDoctrina laboral _g- Nº 339 (nov. 2013) _wREV4049 |
|
| 999 |
_c18686 _d18686 |
||